000
00327nam a22001457a 4500
003
SGT
020
_a
978-93-87085-11-4
082
_a
615.19
_b
AGA
100
_a
AGARWAL, GAURAV
245
_a
INDUSTRIAL PHARMACY -II
260
_a
INDIA
_b
CBS PUB.
_c
2025
300
_a
230
650
_a
INDUSTRIAL PHARMACY
942
_2
ddc
_c
BK
999
_c
32467
_d
32467